XXL Freshmen 2016 Cypher (Full lyrics) - Statistics

General Stats
  • This quiz has been taken 11 times
  • The average score is 343 of 698
Answer Stats
Lyrics % Correct
a
100%
ayy
100%
Ayy,
100%
I
100%
all
88%
All
88%
about
75%
an
75%
and
75%
And
75%
'bout
75%
eat
75%
G-
75%
in
75%
it
75%
it,
75%
my
75%
My
75%
nigga
75%
nigga,
75%
power,
75%
power
75%
Rest
75%
the
75%
to
75%
you
75%
You
75%
30
63%
6,
63%
60
63%
90
63%
ass
63%
back?
63%
back
63%
back,
63%
cigarette
63%
flow
63%
have
63%
is
63%
it's
63%
lemons
63%
niggas
63%
nigga's
63%
on
63%
really
63%
Rollie
63%
sour
63%
Squeeze
63%
that
63%
That
63%
together
63%
two
63%
Who
63%
who
63%
wrist
63%
your
63%
Your
63%
21,
50%
21
50%
be
50%
beat?
50%
bitch,
50%
bitch
50%
Bitch
50%
Bitch,
50%
but
50%
butts
50%
can
50%
case
50%
closed
50%
Denzel
50%
face
50%
fuck
50%
Fuck
50%
get
50%
he
50%
know
50%
Kodak
50%
lil'
50%
Lil
50%
man,
50%
money,
50%
money
50%
old
50%
one
50%
picked
50%
Ridin'
50%
Savage,
50%
shit
50%
smoke
50%
sorry
50%
stealin'
50%
that's
50%
these
50%
this
50%
three
50%
tryna
50%
When
50%
With
50%
with
50%
Yeah,
50%
yeah
50%
yeah,
50%
you'll
50%
Young
50%
47
38%
AK-
38%
around
38%
black
38%
Boat,
38%
Boat!
38%
bop
38%
bottom
38%
brought
38%
can't
38%
car
38%
'cause
38%
Chop
38%
cook
38%
corner,
38%
Countin'
38%
coupe
38%
Curry
38%
cut
38%
dead
38%
dick
38%
die
38%
do
38%
dog
38%
don't
38%
down
38%
Duckin'
38%
'em,
38%
fake
38%
from
38%
Fuckin'
38%
fuckin'
38%
gang,
38%
gang
38%
Gang,
38%
Gave
38%
go
38%
got
38%
Gucci
38%
her
38%
Hit
38%
Hol'
38%
homie,
38%
hood
38%
Hundred
38%
if
38%
I'm
38%
juice
38%
just
38%
kissed
38%
last
38%
lawnmower
38%
let
38%
like
38%
me
38%
most,
38%
motherfuckin'
38%
night
38%
no,
38%
no
38%
not
38%
nothing,
38%
nothing
38%
NYC,
38%
of
38%
out
38%
Pull
38%
pulled
38%
Pulled
38%
push
38%
ran
38%
right
38%
'round
38%
sayin'
38%
sent
38%
she
38%
shoulder
38%
show
38%
soda
38%
starvin'
38%
store
38%
streets
38%
stuntin'?
38%
style,
38%
sucked
38%
them
38%
then
38%
Then
38%
there
38%
think
38%
throat,
38%
Told
38%
up
38%
up,
38%
waist
38%
was
38%
washed
38%
we
38%
week
38%
what
38%
What
38%
woods
38%
yola
38%
ain't
25%
at
25%
bitches
25%
Bouldercrest
25%
boy
25%
Brink's
25%
buck
25%
buckin'
25%
cheeks
25%
Couple
25%
cousin
25%
Damn,
25%
diamonds
25%
Diesel,
25%
dodgin'
25%
drum
25%
fifty,
25%
Fisker
25%
flies
25%
food
25%
for
25%
give
25%
guap
25%
hundreds,
25%
hungry,
25%
ice
25%
I'll
25%
I'ma—
25%
knock
25%
Look
25%
look
25%
manslaughter
25%
panic
25%
play
25%
pray
25%
ready
25%
rice
25%
Ring
25%
Road,
25%
room
25%
round
25%
Rover,
25%
shoot,
25%
strugglin'
25%
stuffing,
25%
suit
25%
take
25%
They
25%
they
25%
through
25%
ties
25%
too
25%
truck
25%
turkey,
25%
ugly
25%
wanna
25%
want
25%
Wasn't
25%
Wayne
25%
wear
25%
will
25%
witness,
25%
Zone
25%
48
13%
actin'
13%
armored,
13%
broad
13%
Cascade,
13%
chains
13%
clack,
13%
Click-
13%
cloudy,
13%
cost
13%
cranium
13%
cubes
13%
Cybertech
13%
dancin'
13%
Denny
13%
droppin'
13%
echelon
13%
Envelope,
13%
felt
13%
fetty
13%
foot
13%
friend
13%
gas
13%
Glock
13%
Gold
13%
gone
13%
gun,
13%
had
13%
halves
13%
hang
13%
heavy
13%
hope
13%
ignition,
13%
into
13%
jab
13%
Key
13%
mask
13%
molecules
13%
nap
13%
neck
13%
niggas'll
13%
None
13%
off
13%
ounces
13%
overdose
13%
overload,
13%
pain
13%
particles,
13%
past
13%
pigeons
13%
Planet
13%
planet
13%
playin'
13%
powed,
13%
rain
13%
restless,
13%
return
13%
Sailing
13%
same
13%
shrooms,
13%
Stans
13%
swear
13%
swishers
13%
talk
13%
Team
13%
teeth
13%
Tied,
13%
Tierra
13%
turn
13%
twenty
13%
wait,
13%
wrap
13%
Youngin
13%
No matching quizzes found
Score Distribution
Percent of People with Each Score
Percentile by Number Answered
Your Score History
You have not taken this quiz